Rolling Stone's 500 Greatest Albums of All Time - Statistics

General Stats
  • This quiz has been taken 214 times
  • The average score is 140 of 500
Answer Stats
Number Artist Album % Correct
12 Michael Jackson Thriller
91%
5 The Beatles Abbey Road
88%
8 Prince and the Revolution Purple Rain
87%
6 Nirvana Nevermind
84%
7 Fleetwood Mac Rumours
83%
24 The Beatles Sgt. Pepper's Lonely Hearts Club Band
82%
3 Joni Mitchell Blue
80%
297 Peter Gabriel So
79%
358 Sonic Youth Goo
77%
101 Led Zeppelin Led Zeppelin
77%
1 Marvin Gaye What's Going On
77%
194 Michael Jackson Bad
75%
2 The Beach Boys Pet Sounds
75%
40 David Bowie The Rise and Fall of Ziggy Stardust and the Spiders From Mars
75%
156 The Replacements Let It Be
74%
342 The Beatles Let It Be
74%
16 The Clash London Calling
74%
79 Frank Ocean Blond
73%
142 Bruce Springsteen Born in the U.S.A.
73%
123 Led Zeppelin Led Zeppelin II
73%
11 The Beatles Revolver
73%
10 Lauryn Hill The Miseducation of Lauryn Hill
73%
58 Led Zeppelin Led Zeppelin IV
71%
4 Stevie Wonder Songs in the Key of Life
71%
346 Arctic Monkeys AM
70%
84 AC/DC Back in Black
70%
118 The Eagles Hotel California
70%
173 Nirvana In Utero
70%
42 Radiohead OK Computer
70%
143 The Velvet Underground The Velvet Underground
70%
129 Pink Floyd The Wall
70%
147 Jeff Buckley Grace
68%
21 Bruce Springsteen Born to Run
66%
35 The Beatles Rubber Soul
66%
74 Kanye West The College Dropout
66%
62 Guns N' Roses Appetite for Destruction
65%
33 Amy Winehouse Back to Black
65%
29 The Beatles White Album
65%
20 Radiohead Kid A
64%
264 Pink Floyd Wish You Were Here
64%
137 Adele 21
63%
450 Paul and Linda McCartney Ram
62%
47 Ramones Ramones
62%
86 The Doors The Doors
61%
30 Jimi Hendrix Are You Experienced
60%
135 U2 The Joshua Tree
60%
160 Pearl Jam Ten
59%
19 Kendrick Lamar To Pimp a Butterfly
59%
248 Green Day American Idiot
58%
375 Green Day Dookie
58%
112 Elton John Goodbye Yellow Brick Road
58%
32 Beyoncé Lemonade
58%
352 Eminem The Slim Shady LP
58%
128 Queen A Night at the Opera
57%
46 Paul Simon Graceland
57%
204 Kanye West Graduation
57%
69 Alanis Morissette Jagged Little Pill
57%
235 Metallica Metallica (The Black Album)
57%
70 N.W.A. Straight Outta Compton
57%
14 The Rolling Stones Exile on Main Street
55%
266 The Beatles Help!
55%
223 John Lennon Imagine
55%
139 Black Sabbath Paranoid
55%
37 Dr. Dre The Chronic
55%
55 Pink Floyd The Dark Side of the Moon
55%
80 The Sex Pistols Never Mind the Bollocks Here's the Sex Pistols
54%
99 Taylor Swift Red
54%
64 OutKast Stankonia
54%
57 The Band The Band
54%
157 Oasis (What's the Story) Morning Glory?
54%
355 Black Sabbath Black Sabbath
53%
97 Metallica Master of Puppets
53%
104 The Rolling Stones Sticky Fingers
53%
102 The Clash The Clash
53%
113 The Smiths The Queen Is Dead
53%
23 The Velvet Underground The Velvet Underground and Nico
53%
44 Nas Illmatic
52%
17 Kanye West My Beautiful Dark Twisted Fantasy
52%
25 Carole King Tapestry
52%
124 U2 Achtung Baby
51%
172 Simon and Garfunkel Bridge Over Troubled Water
51%
41 The Rolling Stones Let It Bleed
51%
38 Bob Dylan Blonde on Blonde
50%
175 Kendrick Lamar DAMN
50%
278 Led Zeppelin Houses of the Holy
50%
145 Eminem The Marshall Mathers LP
50%
77 The Who Who's Next
50%
26 Patti Smith Horses
49%
114 The Strokes Is This It
49%
276 Radiohead The Bends
49%
393 Taylor Swift 1989
48%
72 Neil Young Harvest
48%
117 Kanye West Late Registration
48%
144 Led Zeppelin Physical Graffiti
48%
68 Kate Bush Hounds of Love
47%
88 David Bowie Hunky Dory
47%
387 Radiohead In Rainbows
47%
22 The Notorious B.I.G Ready to Die
47%
39 Talking Heads Remain in Light
47%
9 Bob Dylan Blood on the Tracks
46%
286 Red Hot Chili Peppers Californication
46%
53 Jimi Hendrix Electric Ladyland
46%
18 Bob Dylan Highway 61 Revisited
46%
221 Rage Against the Machine Rage Against the Machine
46%
190 The Who Tommy
46%
27 Wu-Tang Clan Enter the Wu-Tang(36 Chambers)
45%
151 George Michael Faith
45%
31 Miles Davis Kind of Blue
45%
206 David Bowie Low
45%
50 Jay-Z The Blueprint
45%
263 The Beatles A Hard Day's Night
43%
87 Miles Davis Bitches Brew
43%
115 Kendrick Lamar good kid, m.A.A.d city
43%
73 My Bloody Valentine Loveless
43%
15 Public Enemy It Takes a Nation of Millions to Hold Us Back
42%
36 Michael Jackson Off the Wall
42%
294 Weezer Weezer (The Blue Album)
42%
96 R.E.M. Automatic for the People
41%
34 Stevie Wonder Innervisions
41%
155 Jay-Z The Black Album
41%
130 Prince 1999
40%
217 Oasis Definitely Maybe
40%
226 Derek and the Dominos Layla and Other Assorted Love Songs
40%
122 Nine Inch Nails The Downward Spiral
40%
141 Pixies Doolittle
39%
71 Bob Marley and the Wailers Exodus
39%
48 Bob Marley and the Wailers Legend
39%
45 Prince Sign O' the Times
39%
167 Depeche Mode Violator
39%
309 Joy Division Closer
38%
216 Elliott Smith Either/Or
38%
343 Sly and the Family Stone Greatest Hits
38%
456 Al Green Greatest Hits
38%
107 Television Marquee Moon
38%
159 The Police Synchronicity
38%
488 The Stooges The Stooges
38%
60 Van Morrison Astral Weeks
37%
116 The Cure Disintegration
37%
390 Pixies Surfer Rosa
37%
43 A Tribe Called Quest The Low End Theory
37%
319 The Stone Roses The Stone Roses
37%
418 Dire Straits Brothers in Arms
36%
332 Elvis Presley Elvis Presley
36%
203 Nick Drake Pink Moon
36%
85 John Lennon Plastic Ono Band
36%
290 OutKast Speakerboxxx/The Love Below
36%
353 The Cars The Cars
36%
63 Steely Dan Aja
35%
66 John Coltrane A Love Supreme
35%
56 Liz Phair Exile in Guyville
35%
125 Beastie Boys Paul's Boutique
35%
95 Drake Take Care
35%
384 The Kinks The Kinks Are the Village Green Preservation Society
35%
292 Van Halen Van Halen
35%
28 D'Angelo Voodoo
35%
269 Kanye West Yeezus
35%
81 Beyoncé Beyoncé
34%
401 Blondie Blondie
34%
207 Eagles Eagles
34%
295 Daft Punk Random Access Memories
34%
169 Billy Joel The Stranger
34%
256 Tracy Chapman Tracy Chapman
34%
197 The Beatles Meet the Beatles
33%
150 Bruce Springsteen Nebraska
33%
146 Blondie Parallel Lines
33%
341 The Smashing Pumpkins Siamese Dream
33%
109 Lou Reed Transformer
33%
83 Dusty Springfield Dusty in Memphis
32%
449 The White Stripes Elephant
32%
500 Arcade Fire Funeral
32%
280 50 Cent Get Rich or Die Tryin'
32%
331 Madonna Like a Prayer
32%
106 Hole Live Through This
32%
136 Funkadelic Maggot Brain
32%
152 The Pretenders Pretenders
32%
253 Pink Floyd The Piper at the Gates of Dawn
32%
171 Sonic Youth Daydream Nation
30%
340 Snoop Doggy Dogg Doggystyle
30%
131 Portishead Dummy
30%
120 Van Morrison Moondance
30%
52 David Bowie Station to Station
30%
255 Bob Dylan The Freewheelin' Bob Dylan
30%
330 The Rolling Stones Aftermath
29%
49 OutKast Aquemini
29%
92 The Jimi Hendrix Experience Axis: Bold as Love
29%
185 The Rolling Stones Beggars Banquet
29%
234 Black Sabbath Master of Reality
29%
453 Nine Inch Nails Pretty Hate Machine
29%
76 Curtis Mayfield Superfly
29%
59 Stevie Wonder Talking Book
29%
345 Bruce Springsteen The Wild, The Innocent & the E Street Shuffle
29%
211 Joy Division Unknown Pleasures
29%
408 Motörhead Ace of Spades
28%
90 Neil Young After the Gold Rush
28%
186 Red Hot Chili Peppers Blood Sugar Sex Magik
28%
148 Frank Ocean Channel Orange
28%
236 Daft Punk Discovery
28%
176 Public Enemy Fear of a Black Planet
28%
365 Madvillain Madvillainy
28%
165 R.E.M. Murmur
28%
301 New York Dolls New York Dolls
28%
424 Beck Odelay
28%
368 George Harrison All Things Must Pass
27%
191 Etta James At Last!
27%
376 Neutral Milk Hotel In the Aeroplane Over the Sea
27%
383 Massive Attack Mezzanine
27%
100 The Band Music From Big Pink
27%
184 Cyndi Lauper She's So Unusual
27%
468 The Rolling Stones Some Girls
27%
361 My Chemical Romance The Black Parade
27%
225 Wilco Yankee Hotel Foxtrot
27%
244 Kanye West 808s & Heartbreak
26%
324 Coldplay A Rush of Blood to the Head
26%
422 Marvin Gaye Let's Get It On
26%
179 Notorious B.I.G. Life After Death
26%
279 Nirvana MTV Unplugged in New York
26%
434 Pavement Crooked Rain, Crooked Rain
25%
472 SZA Ctrl
25%
192 Beastie Boys Licensed to Ill
25%
242 The Velvet Underground Loaded
25%
61 Eric B. and Rakim Paid in Full
25%
289 Björk Post
25%
378 Run-DMC Run-DMC
25%
208 Lil Wayne Tha Carter III
25%
198 The B-52's The B-52's
25%
108 Fiona Apple When the Pawn
25%
164 Johnny Cash At Folsom Prison
24%
379 Rush Moving Pictures
24%
438 Blur Parklife
24%
252 Devo Q: Are We Not Men? A: We Are Devo!
24%
222 Madonna Ray of Light
24%
199 Pavement Slanted and Enchanted
24%
399 Brian Wilson Smile
24%
370 Lil Wayne Tha Carter II
24%
82 Sly and the Family Stone There's a Riot Goin' On
24%
249 Whitney Houston Whitney Houston
24%
241 Massive Attack Blue Lines
23%
445 Yes Close to the Edge
23%
413 Creedence Clearwater Revival Cosmo's Factory
23%
91 Bruce Springsteen Darkness on the Edge of Town
23%
298 Tom Petty Full Moon Fever
23%
94 The Stooges Fun House
23%
65 James Brown Live at the Apollo
23%
430 Elvis Costello My Aim Is True
23%
138 Madonna The Immaculate Collection
23%
134 Fugees The Score
23%
336 Roxy Music Avalon
22%
170 Cream Disraeli Gears
22%
245 Cocteau Twins Heaven or Las Vegas
22%
201 A Tribe Called Quest Midnight Marauders
22%
321 Lana Del Rey Norman Fucking Rockwell!
22%
259 Janis Joplin Pearl
22%
310 Wire Pink Flag
22%
357 Tom Waits Rain Dogs
22%
67 Jay-Z Reasonable Doubt
22%
153 PJ Harvey Rid of Me
22%
385 Ramones Rocket to Russia
22%
471 Jefferson Airplane Surrealistic Pillow
22%
305 Kiss Alive!
21%
230 Rihanna Anti
21%
161 Crosby, Stills & Nash Crosby, Stills & Nash
21%
382 Tame Impala Currents
21%
149 John Prine John Prine
21%
78 Elvis Presley The Sun Sessions
21%
103 De La Soul Three Feet High And Rising
21%
89 Erykah Badu Baduizm
20%
400 The Go-Gos Beauty and the Beat
20%
111 Janet Jackson Control
20%
231 Tom Petty and the Heartbreakers Damn the Torpedoes
20%
224 Dixie Chicks Fly
20%
457 Sinéad O'Connor I Do Not Want What I Haven't Got
20%
296 Neil Young Rust Never Sleeps
20%
205 Cat Stevens Tea for the Tillerman
20%
335 Bob Dylan and the Band The Basement Tapes
20%
318 Janet Jackson The Velvet Rope
20%
316 The Who The Who Sell Out
20%
121 Elvis Costello This Year's Model
20%
436 2Pac All Eyez on Me
18%
455 Bo Diddley Bo Diddley/Go Bo Diddley
18%
181 Bob Dylan Bringing It All Back Home
18%
183 D'Angelo Brown Sugar
18%
162 Pulp Different Class
18%
326 Prince Dirty Mind
18%
202 Björk Homogenic
18%
349 MC5 Kick Out the Jams
18%
75 Aretha Franklin Lady Soul
18%
320 X Los Angeles
18%
381 Lynyrd Skynyrd (Pronounced 'Lĕh-'nérd 'Skin-nérd)
18%
323 The Clash Sandinista
18%
195 Leonard Cohen Songs of Leonard Cohen
18%
119 Sly and the Family Stone Stand!
18%
182 James Taylor Sweet Baby James
18%
238 Kraftwerk Trans Europe Express
18%
406 Magnetic Fields 69 Love Songs
17%
334 Santana Abraxas
17%
215 Grateful Dead American Beauty
17%
484 Lady Gaga Born This Way
17%
168 Steely Dan Can't Buy a Thrill
17%
275 Curtis Mayfield Curtis
17%
188 T. Rex Electric Warrior
17%
254 Herbie Hancock Head Hunters
17%
247 Sade Love Deluxe
17%
364 Talking Heads More Songs About Buildings and Food
17%
348 Gillian Welch Time (The Revelator)
17%
397 Billie Eilish When We All Fall Asleep, Where Do We Go?
17%
193 Creedence Clearwater Revival Willy and the Poor Boys
17%
187 Ice Cube AmeriKKKa's Most Wanted
16%
395 D'Angelo and the Vanguard Black Messiah
16%
261 Beastie Boys Check Your Head
16%
440 Loretta Lynn Coal Miner's Daughter
16%
189 Sleater-Kinney Dig Me Out
16%
386 J Dilla Donuts
16%
329 DJ Shadow Endtroducing.....
16%
481 Belle and Sebastian If You're Feeling Sinister
16%
293 The Breeders Last Splash
16%
347 GZA Liquid Swords
16%
459 Kid Cudi Man on the Moon: The End of the Day
16%
460 Lorde Melodrama
16%
287 The Byrds Mr. Tambourine Man
16%
163 Various Artists Saturday Night Fever
16%
433 LCD Soundsystem Sound of Silver
16%
313 PJ Harvey Stories From the City, Stories From the Sea
16%
498 Suicide Suicide
16%
288 The Modern Lovers The Modern Lovers
16%
302 Neil Young Tonight's the Night
16%
214 Tom Petty Wildflowers
16%
409 Grateful Dead Workingman's Dead
16%
265 Pavement Wowee Zowee
16%
474 Big Star #1 Record
15%
105 The Allman Brothers At Fillmore East
15%
432 Usher Confessions
15%
218 TLC CrazySexyCool
15%
220 Crosby, Stills, Nash, and Young Déjà Vu
15%
228 De La Soul De La Soul Is Dead
15%
200 Sade Diamond Life
15%
407 Neil Young Everybody Knows This Is Nowhere
15%
461 Bon Iver For Emma
15%
270 Kacey Musgraves Golden Hour
15%
227 Little Richard Here's Little Richard
15%
251 Elton John Honky Château
15%
328 Vampire Weekend Modern Vampires of the City
15%
363 Parliament Mothership Connection
15%
311 Neil Young On the Beach
15%
178 Otis Redding Otis Blue
15%
209 Run-DMC Raising Hell
15%
339 Janet Jackson Rhythm Nation 1814
15%
93 Missy "Misdemeanor" Elliott Supa Dupa Fly
15%
51 Chuck Berry The Great Twenty-Eight
15%
174 Jimmy Cliff and Various Artists The Harder They Come: Original Soundrack
15%
442 The Weeknd Beauty Behind the Madness
14%
300 Shania Twain Come on Over
14%
273 Gang of Four Entertainment
14%
180 Love Forever Changes
14%
232 John Coltrane Giant Steps
14%
13 Aretha Franklin I Never Loved a Man the Way I Love You
14%
327 The Who Live at Leeds
14%
366 Aerosmith Rocks
14%
443 David Bowie Scary Monsters
14%
437 Primal Scream Screamadelica
14%
396 Todd Rundgren Something/Anything?
14%
462 The Flying Burrito Brothers The Gilded Palace of Sin
14%
267 Minutemen Double Nickels on the Dime
13%
133 Joni Mitchell Hejira
13%
373 Isaac Hayes Hot Buttered Soul
13%
367 Drake If You're Reading This It's Too Late
13%
282 Frank Sinatra In the Wee Small Hours
13%
158 Erykah Badu Mama's Gun
13%
428 Hüsker Dü New Day Rising
13%
492 Bonnie Raitt Nick of Time
13%
243 The Zombies Odessey and Oracle
13%
360 Funkadelic One Nation Under a Groove
13%
219 Raekwon Only Built 4 Cuban Linx
13%
425 Paul Simon Paul Simon
13%
262 New Order Power, Corruption & Lies
13%
369 Mobb Deep The Infamous
13%
398 The Raincoats The Raincoats
13%
435 Pet Shop Boys Actually
12%
338 Brian Eno Another Green World
12%
427 Al Green Call Me
12%
257 Dolly Parton Coat of Many Colors
12%
110 Joni Mitchell Court and Spark
12%
487 Black Flag Damaged
12%
177 Rod Stewart Every Picture Tells a Story
12%
495 Boyz II Men II
12%
350 Stevie Wonder Music of My Mind
12%
237 Willie Nelson Red Headed Stranger
12%
475 Sheryl Crow Sheryl Crow
12%
403 Ghostface Killah Supreme Clientele
12%
274 The Byrds Sweetheart of the Rodeo
12%
312 Solange A Seat at the Table
11%
140 Bob Marley and the Wailers Catch a Fire
11%
423 Yo La Tengo I Can Hear the Heart Beating As One
11%
233 Tori Amos Little Earthquakes
11%
250 Buzzcocks Singles Going Steady
11%
54 James Brown Star Time
11%
277 Alicia Keys The Diary of Alicia Keys
11%
285 Big Star Third/Sister Lovers
11%
482 The Pharcyde Bizarre Ride II The Pharcyde
10%
196 Robyn Body Talk
10%
98 Lucinda Williams Car Wheels on a Gravel Road
10%
372 Big Brother and the Holding Company Cheap Thrills
10%
260 The Slits Cut
10%
394 Diana Ross Diana
10%
377 Yeah Yeah Yeahs Fever to Tell
10%
491 Harry Styles Fine Line
10%
337 Bob Dylan John Wesley Harding
10%
374 Robert Johnson King of the Delta Blues Singers
10%
246 LL Cool J Mama Said Knock You Out
10%
478 The Kinks Something Else by the Kinks
10%
258 Joni Mitchell The Hissing of Summer Lawns
10%
416 The Roots Things Fall Apart
10%
454 Can Ege Bamyasi
9%
402 Fela Kuti and Africa 70 Expensive Shit
9%
444 Fiona Apple Extraordinary Machine
9%
351 Roxy Music For Your Pleasure
9%
356 Dr. John Gris-Gris
9%
308 Brian Eno Here Come the Warm Jets
9%
431 Los Lobos How Will the Wolf Survive?
9%
415 The Meters Looka Py Py
9%
411 Bob Dylan Love and Theft
9%
380 Charles Mingus Mingus Ah Um
9%
362 Luther Vandross Never Too Much
9%
281 Harry Nilsson Nilsson Schmilsson
9%
359 Big Star Radio City
9%
483 Muddy Waters The Anthology
9%
213 Fiona Apple The Idler Wheel
9%
417 Ornette Coleman The Shape of Jazz to Come
9%
271 Mary J. Blige What's the 411?
9%
325 Jerry Lee Lewis All Killer No Filler
8%
371 The Temptations Anthology
8%
452 Diana Ross and the Supremes Anthology
8%
283 Donna Summer Bad Girls
8%
441 Britney Spears Blackout
8%
469 Manu Chao Clandestino
8%
239 Boogie Down Productions Criminal Minded
8%
490 Linda Ronstadt Heart Like a Wheel
8%
493 Marvin Gaye Here, My Dear
8%
426 Lucinda Williams Lucinda Williams
8%
127 Ray Charles Modern Sounds in Country and Western Music
8%
126 Mary J. Blige My Life
8%
268 Randy Newman Sail Away
8%
333 Bill Withers Still Bill
8%
132 Hank Williams 40 Greatest Hits
7%
154 Aretha Franklin Amazing Grace
7%
489 Phil Spector and Various Artists Back to Mono (1958-1969)
7%
344 Toots and the Maytals Funky Kingston
7%
354 X-Ray Spex Germfree Adolescents
7%
304 Bill Withers Just As I Am
7%
476 Sparks Kimono My House
7%
317 Billie Holiday Lady in Satin
7%
405 Various Nuggets: Original Artyfacts from the First Psychedelic Era
7%
494 The Ronettes Presenting the Fabulous Ronettes
7%
404 Anita Baker Rapture
7%
420 Earth, Wind and Fire That's the Way of the World
7%
410 The Beach Boys Wild Honey
7%
388 Aretha Franklin Young, Gifted and Black
7%
166 Buddy Holly 20 Golden Greats
5%
464 The Isley Brothers 3 + 3
5%
470 Juvenile 400 Degreez
5%
421 M.I.A. Arular
5%
486 John Mayer Continuum
5%
448 Otis Redding Dictionary of Soul
5%
315 Rosalía El Mal Querer
5%
412 Smokey Robinson and the Miracles Going to a Go-Go
5%
306 Al Green I'm Still in Love With You
5%
240 Sam Cooke Live at the Harlem Square Club, 1963
5%
299 B.B. King Live at the Regal
5%
477 Howlin' Wolf Moanin' in the Moonlight
5%
314 Aaliyah One in a Million
5%
307 Sam Cooke Portrait of a Legend
5%
392 Ike and Tina Turner Proud Mary: The Best of Ike and Tina Turner
5%
414 Chic Risqué
5%
389 Mariah Carey The Emancipation of Mimi
5%
272 The Velvet Underground Whit Light/White Heat
5%
212 Nina Simone Wild Is the Wind
5%
479 Selena Amor Prohibido
4%
499 Rufus, Chaka Khan Ask Rufus
4%
467 Maxwell BLACKsummers'night
4%
496 Shakira Donde Están los Ladrones
4%
284 Merle Haggard Down Every Road 1962-1994
4%
322 Elvis Presley From Elvis in Memphis
4%
485 Richard and Linda Thompson I Want to See the Bright Lights Tonight
4%
446 Alice Coltrane Journey in Satchidanada
4%
439 James Brown Sex Machine
4%
210 Ray Charles The Birth of Soul
4%
303 ABBA The Definitive Collection
4%
497 Various Artists The Indestructible Beat of Soweto
4%
229 Patsy Cline The Ultimate Collection
4%
291 Destiny's Child The Writing's on the Wall
4%
447 Bad Bunny X 100pre
4%
473 Daddy Yankee Barrio Fino
3%
419 Eric Church Chief
3%
463 Laura Nyro Eli & the 13th Confession
3%
451 Roberta Flack First Take
3%
391 Kelis Kaleidoscope
3%
429 The Four Tops Reach Out
3%
458 Jason Isbell Southeastern
3%
465 King Sunny Adé The Best of the Classic Years
3%
480 Miranda Lambert The Weight of These Wings
3%
466 The Beach Boys The Beach Boys Today!
2%
No matching quizzes found
Score Distribution
Percent of People with Each Score
Percentile by Number Answered
Your Score History
You have not taken this quiz